000 00696nam a2200217Ia 4500
003 GCL
008 140319s9999 xx 000 0 ara d
040 _aGCL /
_cGCL
082 0 4 _a190
_bك ا
100 1 _aكرستى, انطونى
245 1 0 _aاعلام الفلسفة السياسية المعاصرة /
_cكرستى, انطونى
700 1 _aمينوج, كينيث
700 1 _aنصار عبد الله
260 _a[S.N] :
_bالهيئة المصرية العامة للكتاب
300 _a126 ص
490 _aالالف كتاب
_v0
650 0 4 _aالفلسفة
650 0 4 _aالفلاسفة
650 0 4 _aالفلسفة الغربية الحديثة
942 _2ddc
_cBK
999 _c29812
_d29812